000 02805nam a22005057a 4500
003 PE-LiUPU
005 20250731170502.0
008 240410b |||||||| |||| 00| 0 spa d
020 _a9789580424949
040 _a PE-LiUPU
_bspa
_c PE-LiUPU
_erda
082 _223
_a152.4
_bS556c
100 1 _aShinyashiki, Roberto
_eautor.
_93927
245 1 3 _aLa caricia esencial :
_bUna psicología del afecto /
_cRoberto Shinyashiki.
264 _aBogotá :
_bGrupo Editorial Norma,
_c1993.
300 _a148 páginas ;
_c22 centímetros.
500 _aLibro de autoayuda.
504 _aIncluye referencias bibliográficas.
505 _aUna historia de caricias -- ¡¡¡ Los adultos están llegando !!! -- Hambres -- Caricias -- ¿Qué hacía usted ...? Abajo la economía de caricias -- Mitos de la economía de caricias -- Factores sociales de la economía -- Caricias positivas-- Caricias negativas -- Conversación trivial -- Caricias de plástico -- Caricias adecuadas- Ser versus hacer -- La domesticación del hombre -- El pequeño chantajista -- Críticas para dudar -- Crear abundancias de caricias -- Jugar a "ladrones y policías" -- Disfraces -- ¿Cuáles son sus creencias? -- Filtro de caricias -- Patrón de caricias -- La estructuración del tiempo -- Todos los días ella hace todo siempre igual -- Caricias argumentales -- No me venga con indirectas- Batería de caricias- Cortocircuito en la batería de caricias-- Cantidad mínima de caricias para sobrevivir -- Huelga de caricias -- Pedir caricias-- Las personas diferentes necesitan caricias diferentes -- Señor o esclavo ... de sí mismo -- Realmente, yo no soy como era antiguamente -- Aceptación -- Problemas que persisten -- Nuestras dificultades-- Libertad -- Rechazo de caricias -- No hacer caricias -- ¿Será que él ya no me ama? -- Venganzas -- Si no te portas bien, el coco te llevará -- Caricias específicas -- Las figuritas de la vida -- Símbolos de amor -- Nido -- Permisos y prohibiciones -- Autocaricias -- Los mensajes para recibir caricias (camisetas) -- Cambiar las autocaricias-- Cambio- Nuestro mayor regalo.
526 _aSEG68
526 _aSEG70
526 _aSEG69
526 _aSEG67
526 _aSEG43
526 _aP144
526 _aP143
526 _aP131
526 _aP122
526 _aP120
526 _aP117
526 _aP112
526 _aP110
526 _aP106
526 _aP101
526 _aP80
526 _aP59
526 _aP54
526 _aP35
526 _aP33
526 _aP30
650 1 4 _aConducta
_xPsicología
_93925
650 1 0 _aEmociones
_9964
700 _aSantamaría, Consuelo de,
_etraductora.
_93926
942 _2ddc
_cBK
_n0
980 _618228
_aChristian Lazo Analista Documental
_81
_gALBERTO SANCHEZ Responsable de Automatización
999 _c62363
_d62362